Library of the University of Algiers 3
Ibrahim Sultan Cheibout
شعار جامعة الجزائر 3
مكتبة جامعة الجزائر 3
إبراهيم سلطان شيبوط

إقتصاديات الموارد والبيئة / (رقم التسجيلة. 44312)

تفاصيل مارك
000 -LEADER
fixed length control field 01156nam a2200241Ia 4500
003 - CONTROL NUMBER IDENTIFIER
control field Ost
005 - DATE AND TIME OF LATEST TRANSACTION
control field 20260507075406.0
008 - FIXED-LENGTH DATA ELEMENTS--GENERAL INFORMATION
fixed length control field 260507s9999||||xx |||||||||||||| ||und||
020 ## - INTERNATIONAL STANDARD BOOK NUMBER
International Standard Book Number 1296328977
040 ## - CATALOGING SOURCE
Transcribing agency fsecg
041 ## - LANGUAGE CODE
Language code of text/sound track or separate title ara
082 ## - DEWEY DECIMAL CLASSIFICATION NUMBER
Classification number 330
100 ## - MAIN ENTRY--PERSONAL NAME
Personal name ناصف، إيمان عطية
Relator term مؤلف
245 #0 - TITLE STATEMENT
Title إقتصاديات الموارد والبيئة /
Statement of responsibility, etc. إيمان عطية ناصف
260 ## - PUBLICATION, DISTRIBUTION, ETC.
Place of publication, distribution, etc. الإسكندرية:
Name of publisher, distributor, etc. دار الجامعة الجديدة,
Date of publication, distribution, etc. 2007
300 ## - PHYSICAL DESCRIPTION
Extent 303 صفحة؛
Other physical details إيضاحات ؛
Dimensions 24 سم
520 ## - SUMMARY, ETC.
Summary, etc. يضم الموارد الإقتصادية وتقسيماتها، الموارد الطبيعية غير المتجددة، أهمية الزراعة في الإقتصاديات النامية، السياسة السعرية الزراعية، إقتصاديات الموارد البشرية، إقتصاديات السكان، إقتصاديات الصناعة، التلوث البيئي
653 ## - INDEX TERM--UNCONTROLLED
Uncontrolled term البيئة
653 ## - INDEX TERM--UNCONTROLLED
Uncontrolled term الموارد الإقتصادية
653 ## - INDEX TERM--UNCONTROLLED
Uncontrolled term الموارد الطبيعية
653 ## - INDEX TERM--UNCONTROLLED
Uncontrolled term الموارد- إقتصاديات
942 ## - ADDED ENTRY ELEMENTS (KOHA)
Koha item type كتب
المقتنيات
Withdrawn status Lost status Source of classification or shelving scheme Damaged status Not for loan Home library Current library Date acquired Serial enumeration / chronology Inventory number Total checkouts Full call number Barcode Date last seen Price effective from Koha item type
    Dewey Decimal Classification   NOT LOAN / إعارة داخلية مكتبة كلية العلوم الإقتصادية والعلوم التجارية وعلوم التسيير مكتبة كلية العلوم الإقتصادية والعلوم التجارية وعلوم التسيير 07/05/2026 الطابق الأرضي 26604   أ/4379ن1 26604 07/05/2026 07/05/2026 كتب
    Dewey Decimal Classification   Available مكتبة كلية العلوم الإقتصادية والعلوم التجارية وعلوم التسيير مكتبة كلية العلوم الإقتصادية والعلوم التجارية وعلوم التسيير 07/05/2026 الطابق الأرضي 26605   أ/4379ن2 26605 07/05/2026 07/05/2026 كتب
    Dewey Decimal Classification   Available مكتبة كلية العلوم الإقتصادية والعلوم التجارية وعلوم التسيير مكتبة كلية العلوم الإقتصادية والعلوم التجارية وعلوم التسيير 07/05/2026 الطابق الثاني 26606   أ/4379ن3 26606 07/05/2026 07/05/2026 كتب

موارد الويب المفتوحة


© University of Algiers 3 All Rights Reserved
|
Implemented by LECHELAH Riad